000 00724nam a22002417a 4500
003 OSt
005 20220924113658.0
006 a|||||r|||| 00| 0
007 ta
008 220923b |||||||| |||| 00| 0 hin d
024 _a242815
037 _cGeneral Books
040 _aARTS
_cARTS
_bhin
041 _2hin
_ahin
082 _aP152:3, 152G5
100 _aदेव, गोपालचन्द्र
_911561
245 0 _aव्याकरण रत्न
246 _aVyākaraṇ ratna
260 _aलाहौर,
_bविधाभवन
_c1935
300 _a190पृ0
942 _hP152:3, 152G5
_cGB
_2CC
999 _c390438
_d390438